[Event "IV Open RGCC 2018"]
[Site "Gijon"]
[Date "2018.07.28"]
[Round "8"]
[White "Martinez Alcantara, Jose Eduardo"]
[Black "Quesada Perez, Yasser"]
[Result "1-0"]
[WhiteElo "2545"]
[BlackElo "2531"]
[Annotator "ChessBase"]
[PlyCount "139"]
[EventDate "2018.07.24"]
[EventType "swiss"]
[EventCountry "ESP"]
[SourceTitle "playchess.com"]
[Source "ChessBase"]
[SourceQuality "1"]
[TimeControl "5400+30"]

1. e4 {[%emt 0:00:00]} e5 {[%emt 0:00:25]} 2. Nf3 {[%emt 0:00:00]} Nc6 {[%emt 0:00:05]} 3. Bb5 {[%emt 0:00:00]} a6 {[%emt 0:00:04]} 4. Ba4 {[%emt 0:00:00]} Nf6 {[%emt 0:00:05]} 5. O-O {[%emt 0:00:05]} b5 {[%emt 0:00:04]} 6. Bb3 {[%emt 0:00:04]} Bc5 {[%emt 0:00:04]} 7. c3 {[%emt 0:00:13]} d6 {[%emt 0:00:05]} 8. a4 {[%emt 0:00:05]} Rb8 {[%emt 0:00:05]} 9. d4 {[%emt 0:00:05]} Bb6 {[%emt 0:00:05]} 10. a5 {[%emt 0:00:08]} Ba7 {[%emt 0:00:05]} 11. h3 {[%emt 0:00:09]} O-O {[%emt 0:00:27]} 12. Be3 {[%emt 0:06:17]} Ra8 {[%emt 0:00:07]} 13. Nbd2 {[%emt 0:01:08]} h6 {[%emt 0:00:06]} 14. Re1 {[%emt 0:02:38]} Re8 {[%emt 0:00:05]} 15. g4 {[%emt 0:01:17]} exd4 {[%emt 0:12:49]} 16. cxd4 {[%emt 0:00:06]} d5 {[%emt 0:00:27]} 17. e5 {[%emt 0:03:55]} Ne4 {[%emt 0:01:30]} 18. Bc2 {[%emt 0:06:35]} Bb7 {[%emt 0:21:41]} 19. Nxe4 {[%emt 0:02:11]} dxe4 {[%emt 0:00:06]} 20. Bxe4 {[%emt 0:00:09]} Nxa5 {[%emt 0:00:05]} 21. Bxb7 {[%emt 0:04:19]} Nxb7 {[%emt 0:00:01]} 22. Rxa6 {[%emt 0:01:20]} Qd5 {[%emt 0:12:25]} 23. Nh4 {[%emt 0:06:43]} Bb6 {[%emt 0:03:16]} 24. Rxa8 {[%emt 0:00:35]} Rxa8 {[%emt 0:00:02]} 25. Nf5 {[%emt 0:00:10]} Re8 {[%emt 0:02:01]} 26. g5 {[%emt 0:15:45]} Nd6 {[%emt 0:11:49]} 27. Ng3 {[%emt 0:13:45]} Nc4 {[%emt 0:00:04]} 28. gxh6 {[%emt 0:02:04]} Re6 {[%emt 0:00:04]} 29. Qg4 {[%emt 0:09:05]} Rg6 {[%emt 0:00:05]} 30. Qc8+ {[%emt 0:01:10]} Kh7 {[%emt 0:00:01]} 31. hxg7 {[%emt 0:00:06]} Rxg7 {[%emt 0:03:11]} 32. Kh2 {[%emt 0:03:52]} Bxd4 {[%emt 0:03:48]} 33. Bxd4 {[%emt 0:00:35]} Qxd4 {[%emt 0:00:05]} 34. Qf5+ {[%emt 0:00:05]} Kg8 {[%emt 0:01:01]} 35. Re4 {[%emt 0:00:41]} Qc5 {[%emt 0:02:34]} 36. e6 {[%emt 0:05:16]} Qe7 {[%emt 0:02:57]} 37. Qxb5 {[%emt 0:10:28]} Nd6 {[%emt 0:00:43]} 38. Qb8+ {[%emt 0:00:38]} Qf8 {[%emt 0:03:10]} 39. exf7+ {[%emt 0:00:24]} Rxf7 {[%emt 0:00:19]} 40. Rg4+ {[%emt 0:00:12]} Kh7 {[%emt 0:00:11]} 41. Qxf8 {[%emt 0:01:12]} Rxf8 {[%emt 0:00:01]} 42. Kg2 {[%emt 0:00:12]} c5 {[%emt 0:02:06]} 43. Rg5 {[%emt 0:02:13]} Rb8 {[%emt 0:00:30]} 44. Rxc5 {[%emt 0:00:05]} Rxb2 {[%emt 0:00:03]} 45. Rc7+ {[%emt 0:00:46]} Kg8 {[%emt 0:00:06]} 46. Kf3 {[%emt 0:00:37]} Rb4 {[%emt 0:00:27]} 47. Nh5 {[%emt 0:01:46]} Nf5 {[%emt 0:00:49]} 48. Nf6+ {[%emt 0:00:35]} Kf8 {[%emt 0:00:02]} 49. Ng4 {[%emt 0:01:21]} Nh4+ {[%emt 0:00:19]} 50. Kg3 {[%emt 0:00:06]} Nf5+ {[%emt 0:00:04]} 51. Kg2 {[%emt 0:00:06]} Nh4+ {[%emt 0:00:04]} 52. Kh2 {[%emt 0:00:06]} Nf5 {[%emt 0:02:51]} 53. Rc5 {[%emt 0:00:41]} Nd6 {[%emt 0:00:36]} 54. f3 {[%emt 0:00:20]} Rb3 {[%emt 0:00:44]} 55. Kg2 {[%emt 0:00:09]} Nb5 {[%emt 0:01:30]} 56. Rc8+ {[%emt 0:00:48]} Ke7 {[%emt 0:00:04]} 57. Rb8 {[%emt 0:01:32]} Kd6 {[%emt 0:00:05]} 58. h4 {[%emt 0:00:33]} Kc7 {[%emt 0:00:04]} 59. Rf8 {[%emt 0:00:08]} Nd6 {[%emt 0:00:19]} 60. Ne5 {[%emt 0:01:12]} Rb2+ {[%emt 0:02:58]} 61. Kg3 {[%emt 0:00:36]} Rb1 {[%emt 0:00:08]} 62. h5 {[%emt 0:00:35]} Rh1 {[%emt 0:00:06]} 63. Kg4 {[%emt 0:00:10]} Nb5 {[%emt 0:00:38]} 64. Rf6 {[%emt 0:01:08]} Nd4 {[%emt 0:00:46]} 65. h6 {[%emt 0:00:16]} Ne2 {[%emt 0:00:53]} 66. Kg5 {[%emt 0:00:39]} Kd8 {[%emt 0:00:25]} 67. Rf7 {[%emt 0:00:50]} Ke8 {[%emt 0:00:17]} 68. Ra7 {[%emt 0:00:36]} Nd4 {[%emt 0:00:11]} 69. h7 {[%emt 0:00:33]} Ne6+ {[%emt 0:00:20]} 70. Kf6 {[%emt 0:00:41]} 1-0

[Event "IV Open RGCC 2018"]
[Site "Gijon"]
[Date "2018.07.28"]
[Round "8"]
[White "Epishin, Vladimir"]
[Black "Murshed, Niaz"]
[Result "1-0"]
[WhiteElo "2541"]
[BlackElo "2403"]
[Annotator "TA"]
[PlyCount "43"]
[EventDate "2018.07.24"]
[EventType "swiss"]
[EventCountry "ESP"]
[SourceTitle "playchess.com"]
[Source "ChessBase"]
[SourceQuality "1"]

{[%evp 18,43,6,3,43,30,49,61,41,6,39,50,73,69,75,75,104,117,131,129,213,211,202,227,302,210,576,572]} 1. d4 d6 2. e4 Nf6 3. Bd3 e5 4. c3 g6 5. Nf3 Nbd7 6. O-O Bg7 7. Re1 O-O 8. Nbd2 b6 9. Nf1 Bb7 10. Ng3 {LiveBook: 27 Games. B07: Pirc Defence: Miscellaneous Systems} d5 $146 ({Predecessor:} 10... Re8 11. d5 c6 12. c4 a5 13. Rb1 Nc5 14. Bf1 Qd7 15. b3 Ba6 16. a3 cxd5 17. exd5 a4 18. bxa4 {0-1 (54) Zubov,A (2604)-Onischuk,V (2608) Lvov 2017}) 11. exd5 exd4 12. c4 {White is slightly better.} b5 13. cxb5 Nxd5 14. Bg5 Qb8 15. Qd2 Nc5 16. Bf1 Ne6 17. Bh6 Bxh6 18. Qxh6 Ndf4 {[#]} (18... Qd8 $16 {was necessary.}) 19. Ne4 $1 $18 {[%cal Re4f6]} Bxe4 20. Rxe4 c5 21. bxc6 Qxb2 $2 (21... d3 {is more resistant.} 22. b3 Rd8) 22. Rxf4 {Precision: White = 91%, Black = 11%.} 1-0

[Event "IV Open RGCC 2018"]
[Site "Gijon"]
[Date "2018.07.28"]
[Round "8"]
[White "Reinaldo Castineira, Roi"]
[Black "Jimenez Almeida, Luis David"]
[Result "0-1"]
[WhiteElo "2503"]
[BlackElo "2223"]
[Annotator "ChessBase"]
[PlyCount "118"]
[EventDate "2018.07.24"]
[EventType "swiss"]
[EventCountry "ESP"]
[SourceTitle "playchess.com"]
[Source "ChessBase"]
[SourceQuality "1"]
[TimeControl "5400+30"]

1. e4 d5 2. exd5 Qxd5 3. Nc3 Qd6 4. Bc4 Nf6 5. d3 a6 6. a4 Nc6 7. Nge2 e5 8. O-O Bg4 9. h3 Bh5 10. Qe1 O-O-O 11. Ng3 Bg6 12. Bg5 Nd4 13. Qd1 Qc6 14. Re1 Kb8 15. Rxe5 Bd6 16. Re3 Nxc2 17. Qxc2 Qxc4 18. Nge4 Bxe4 19. dxe4 Be5 20. Bxf6 Bxf6 21. e5 Be7 22. Re4 Rd4 23. Rxd4 Qxd4 24. Qf5 g6 25. Qxf7 Qxe5 26. Rd1 Bd6 27. g3 Bc5 28. Qf4 Qxf4 29. gxf4 Rf8 30. Ne2 Bd6 31. Rd4 Rf5 32. Kg2 b5 33. b3 Kb7 34. Kf3 Rh5 35. Ng3 Rxh3 36. Kg4 Rh2 37. Ne4 Kc6 38. axb5+ axb5 39. f5 h5+ 40. Kg5 Be5 41. Rd3 Rg2+ 42. Ng3 gxf5 43. Kxf5 Bxg3 44. fxg3 Rc2 45. Ke4 b4 46. Rd4 Kb5 47. Rd5+ Rc5 48. Rd8 Rc3 49. Rb8+ Kc5 50. Rh8 Rxg3 51. Rxh5+ Kb6 52. Kd5 c5 53. Rh8 Rd3+ 54. Ke4 Rxb3 55. Kd5 Rd3+ 56. Kc4 Rc3+ 57. Kd5 Kb5 58. Ra8 Rd3+ 59. Ke4 Rd4+ 0-1

[Event "IV Open RGCC 2018"]
[Site "Gijon"]
[Date "2018.07.28"]
[Round "8"]
[White "Cori Quispe, Kevin Joel"]
[Black "Kaganskiy, Gleb"]
[Result "1/2-1/2"]
[WhiteElo "2487"]
[BlackElo "2278"]
[Annotator "ChessBase"]
[PlyCount "209"]
[EventDate "2018.07.24"]
[EventType "swiss"]
[EventCountry "ESP"]
[SourceTitle "playchess.com"]
[Source "ChessBase"]
[SourceQuality "1"]
[TimeControl "5400+30"]

1. e4 {[%emt 0:00:00]} e5 {[%emt 0:00:23]} 2. Nf3 {[%emt 0:00:00]} Nc6 {[%emt 0:00:31]} 3. Bc4 {[%emt 0:00:13]} Nf6 {[%emt 0:00:13]} 4. d3 {[%emt 0:00:09]} Bc5 {[%emt 0:00:23]} 5. c3 {[%emt 0:00:31]} a5 {[%emt 0:01:34]} 6. O-O {[%emt 0:00:18]} d6 {[%emt 0:00:24]} 7. a4 {[%emt 0:01:04]} h6 {[%emt 0:01:37]} 8. Re1 {[%emt 0:02:19]} O-O {[%emt 0:00:43]} 9. h3 {[%emt 0:01:38]} Be6 {[%emt 0:08:14]} 10. Nbd2 {[%emt 0:00:26]} Ba7 {[%emt 0:02:45]} 11. Bxe6 {[%emt 0:02:05]} fxe6 {[%emt 0:02:16]} 12. Nf1 {[%emt 0:00:37]} Qe8 {[%emt 0:01:19]} 13. Be3 {[%emt 0:00:31]} Bxe3 {[%emt 0:01:07]} 14. Rxe3 {[%emt 0:01:54]} Ra6 {[%emt 0:03:30]} 15. N1d2 {[%emt 0:02:14]} Nh5 {[%emt 0:05:03]} 16. Nc4 {[%emt 0:02:33]} Nf4 {[%emt 0:01:59]} 17. Kh2 {[%emt 0:03:52]} Qh5 {[%emt 0:02:25]} 18. Qf1 {[%emt 0:06:29]} Nxh3 {[%emt 0:02:16]} 19. g4 {[%emt 0:00:30]} Qxg4 {[%emt 0:03:21]} 20. Qxh3 {[%emt 0:00:06]} Qxh3+ {[%emt 0:00:48]} 21. Kxh3 {[%emt 0:00:06]} Raa8 {[%emt 0:00:21]} 22. Rg1 {[%emt 0:02:11]} g5 {[%emt 0:00:29]} 23. Nh2 {[%emt 0:00:48]} Kh7 {[%emt 0:07:15]} 24. Rf3 {[%emt 0:01:03]} b6 {[%emt 0:00:36]} 25. Na3 {[%emt 0:00:49]} Rxf3+ {[%emt 0:00:53]} 26. Nxf3 {[%emt 0:00:05]} Rf8 {[%emt 0:00:05]} 27. Kg3 {[%emt 0:00:22]} Kg6 {[%emt 0:02:34]} 28. Nb5 {[%emt 0:00:32]} Rf7 {[%emt 0:00:06]} 29. d4 {[%emt 0:00:28]} exd4 {[%emt 0:01:10]} 30. cxd4 {[%emt 0:00:45]} Nb4 {[%emt 0:00:58]} 31. Rd1 {[%emt 0:02:38]} h5 {[%emt 0:01:16]} 32. Ne1 {[%emt 0:00:24]} h4+ {[%emt 0:00:50]} 33. Kg2 {[%emt 0:00:06]} g4 {[%emt 0:01:04]} 34. Rc1 {[%emt 0:02:25]} h3+ {[%emt 0:04:27]} 35. Kg3 {[%emt 0:00:36]} h2 {[%emt 0:00:41]} 36. Kxh2 {[%emt 0:00:07]} Rxf2+ {[%emt 0:00:27]} 37. Kg3 {[%emt 0:00:10]} Re2 {[%emt 0:01:21]} 38. Ng2 {[%emt 0:00:35]} Rxe4 {[%emt 0:02:06]} 39. Rxc7 {[%emt 0:00:13]} e5 {[%emt 0:02:21]} 40. Rd7 {[%emt 0:00:13]} d5 {[%emt 0:03:54]} 41. dxe5 {[%emt 0:01:15]} Rxe5 {[%emt 0:00:31]} 42. Kxg4 {[%emt 0:00:37]} Nd3 {[%emt 0:05:14]} 43. Rd6+ {[%emt 0:01:00]} Kg7 {[%emt 0:00:32]} 44. b3 {[%emt 0:02:46]} Re4+ {[%emt 0:02:56]} 45. Kg5 {[%emt 0:00:26]} Re5+ {[%emt 0:00:09]} 46. Kg4 {[%emt 0:02:12]} Re4+ {[%emt 0:00:04]} 47. Kf3 {[%emt 0:01:47]} Rb4 48. Rxb6 {[%emt 0:16:09]} Nc5 {[%emt 0:03:38]} 49. Ne3 {[%emt 0:01:51]} Rxb3 {[%emt 0:05:18]} 50. Rc6 {[%emt 0:02:07]} Nxa4 {[%emt 0:01:35]} 51. Nd4 {[%emt 0:00:23]} Rc3 {[%emt 0:04:12]} 52. Ra6 Nc5 {[%emt 0:04:13]} 53. Rxa5 {[%emt 0:01:07]} Nb3 54. Ndf5+ {[%emt 0:02:32]} Kf6 {[%emt 0:07:50]} 55. Rxd5 {[%emt 0:00:24]} Rc5 {[%emt 0:01:02]} 56. Rd3 {[%emt 0:00:45]} Nc1 {[%emt 0:01:28]} 57. Ra3 {[%emt 0:00:43]} Ke5 {[%emt 0:01:13]} 58. Ng3 {[%emt 0:00:15]} Kd4 {[%emt 0:00:58]} 59. Ra4+ {[%emt 0:00:08]} Kd3 {[%emt 0:00:25]} 60. Ng4 {[%emt 0:00:28]} Rc8 {[%emt 0:00:24]} 61. Nf2+ {[%emt 0:01:04]} Kc2 {[%emt 0:00:13]} 62. Nf5 {[%emt 0:00:25]} Kb3 {[%emt 0:01:00]} 63. Ra7 {[%emt 0:00:36]} Rf8 {[%emt 0:01:14]} 64. Ke4 {[%emt 0:00:18]} Re8+ {[%emt 0:00:20]} 65. Kd5 {[%emt 0:00:16]} Rd8+ {[%emt 0:00:16]} 66. Nd6 Ne2 {[%emt 0:01:00]} 67. Rb7+ {[%emt 0:00:25]} Kc2 {[%emt 0:00:13]} 68. Ke5 {[%emt 0:00:17]} Rh8 {[%emt 0:00:35]} 69. Rc7+ {[%emt 0:00:16]} Kb3 {[%emt 0:00:28]} 70. Ke4 {[%emt 0:00:46]} Rd8 {[%emt 0:00:41]} 71. Rc6 {[%emt 0:02:27]} Nc3+ {[%emt 0:00:09]} 72. Ke5 {[%emt 0:00:04]} Rh8 {[%emt 0:00:35]} 73. Ng4 {[%emt 0:00:15]} Rh5+ {[%emt 0:00:37]} 74. Nf5 {[%emt 0:00:07]} Kb4 {[%emt 0:00:59]} 75. Nge3 {[%emt 0:00:29]} Nb5 {[%emt 0:00:31]} 76. Ke4 Rh8 {[%emt 0:00:33]} 77. Nd5+ {[%emt 0:00:23]} Kb3 {[%emt 0:01:05]} 78. Kd3 {[%emt 0:00:46]} Rh1 {[%emt 0:00:48]} 79. Nfe3 {[%emt 0:00:12]} Rh4 {[%emt 0:00:55]} 80. Nf5 {[%emt 0:01:01]} Rh3+ {[%emt 0:00:18]} 81. Nde3 {[%emt 0:00:08]} Kb4 {[%emt 0:00:19]} 82. Ne7 {[%emt 0:00:21]} Na7 {[%emt 0:01:02]} 83. N7d5+ {[%emt 0:00:32]} Kb5 {[%emt 0:00:10]} 84. Rc8 {[%emt 0:00:54]} Nxc8 {[%emt 0:00:04]} 85. Kd4 {[%emt 0:00:06]} Rh4+ {[%emt 0:00:10]} 86. Ke5 {[%emt 0:00:07]} Kc5 {[%emt 0:00:10]} 87. Nf4 {[%emt 0:00:05]} Rh1 {[%emt 0:00:13]} 88. Ne6+ {[%emt 0:00:06]} Kc6 {[%emt 0:00:18]} 89. Nd4+ {[%emt 0:00:06]} Kd7 {[%emt 0:00:10]} 90. Nc4 {[%emt 0:00:15]} Rh5+ {[%emt 0:00:17]} 91. Ke4 {[%emt 0:00:09]} Rh4+ {[%emt 0:00:07]} 92. Ke5 {[%emt 0:00:09]} Ne7 {[%emt 0:00:12]} 93. Nb6+ {[%emt 0:00:15]} Ke8 {[%emt 0:00:29]} 94. Nc4 {[%emt 0:01:48]} Ng6+ {[%emt 0:00:22]} 95. Kd5 {[%emt 0:00:05]} Nf4+ {[%emt 0:00:28]} 96. Kc6 {[%emt 0:00:11]} Kf8 {[%emt 0:00:38]} 97. Nf5 {[%emt 0:00:20]} Rh5 {[%emt 0:00:13]} 98. Ncd6 {[%emt 0:00:09]} Ne6 {[%emt 0:00:15]} 99. Kd7 {[%emt 0:00:10]} Ng7 {[%emt 0:00:17]} 100. Nxg7 {[%emt 0:00:36]} Kxg7 {[%emt 0:00:05]} 101. Ke6 {[%emt 0:00:03]} Rh1 102. Ke5 {[%emt 0:00:07]} Kg6 {[%emt 0:00:26]} 103. Ne4 {[%emt 0:00:06]} Rf1 {[%emt 0:00:14]} 104. Ng3 {[%emt 0:00:07]} Rf8 {[%emt 0:00:11]} 105. Ne4 {[%emt 0:00:13]} 1/2-1/2

[Event "IV Open RGCC 2018"]
[Site "Gijon"]
[Date "2018.07.28"]
[Round "8"]
[White "Kaczur, Florian"]
[Black "Castrillon Gomez, Melissa"]
[Result "1-0"]
[WhiteElo "2471"]
[BlackElo "2244"]
[Annotator "TA"]
[PlyCount "87"]
[EventDate "2018.07.24"]
[EventType "swiss"]
[EventCountry "ESP"]
[SourceTitle "playchess.com"]
[Source "ChessBase"]
[SourceQuality "1"]

{[%evp 14,87,9,5,27,27,25,19,27,28,37,36,35,60,50,33,73,79,77,54,120,74,126,71,79,69,87,58,95,77,86,83,161,141,140,131,123,96,103,100,100,100,97,86,94,86,103,87,114,100,119,105,115,111,185,184,322,294,431,445,491,502,485,482,658,616,615,644,635,607,607,607,942,950,904,896]} 1. e4 e5 2. Nf3 Nc6 3. Nc3 Nf6 4. Bb5 Bb4 5. O-O O-O 6. d3 d6 7. Ne2 Bg4 8. c3 {[#] LiveBook: 21 Partien. Und weiter mit Lxc6 wäre nett. C49: Vierspringerspiel (Symmetrische Variante)} Ba5 (8... Bc5 9. Ng3 Nh5 10. Kh1 d5 11. h3 Nxg3+ 12. fxg3 dxe4 13. hxg4 exf3 14. Qxf3 Qd6 15. Qe4 Ne7 16. Bc4 c6 17. Bd2 {0-1 (28) Maze,S (2628)-Amin,B (2654) Helsingor 2016}) 9. Ng3 Nh5 10. h3 {Weiß hat minimalen Vorteil.} Nxg3 11. fxg3 Bb6+ 12. Kh2 Bh5 $146 ({Vorgänger:} 12... Bd7 13. Nh4 Ne7 14. Bxd7 Qxd7 15. Qf3 c6 {0-1 (31) Vreeken,C (2140)-Limbach,R Dieren 1990}) 13. g4 $36 {[%mdl 2048] Weiss drückt.} Bg6 14. a4 {[%cal Ba2a4,Ba4a5][%mdl 32] [#] Und Lxc6 würde nun gewinnen.} a6 15. Bc4 Kh8 16. g5 Bh5 (16... Ne7 $14) 17. g4 $16 Bg6 18. Nh4 ({Günstiger ist} 18. h4) 18... Ne7 19. a5 Ba7 20. Nf5 d5 21. Bb3 dxe4 22. dxe4 {Droht Dxd8 und aus.} Qxd1 (22... Ng8 $16) 23. Rxd1 $18 Bxf5 24. gxf5 Rad8 25. Kg2 Rxd1 26. Bxd1 Rd8 27. Bc2 Nc8 28. Kf3 Nd6 29. Ke2 Kg8 30. Bd3 c6 31. Bd2 Nb5 32. h4 {[%cal Bh3h4,Bh4h5,Bh5h6][%mdl 32]} Kf8 33. Rf1 f6 (33... Nd6 $16) 34. h5 Ke7 (34... Nd6 {war nötig.} 35. h6 c5 36. hxg7+ Kxg7) 35. Rh1 Nd6 (35... h6 {war einen Versuch wert.} 36. gxh6 gxh6 37. Bxh6 Rg8) 36. h6 {Weiß steht klar auf Gewinn.} g6 37. fxg6 hxg6 38. gxf6+ Kxf6 39. Rf1+ Ke6 40. Bg5 Rh8 41. Rf6+ Kd7 42. Rxg6 Nf7 43. Rg7 Ke8 44. h7 {Precision: Weiß = 78%, Schwarz = 35%.} 1-0

[Event "IV Open RGCC 2018"]
[Site "Gijon"]
[Date "2018.07.28"]
[Round "8"]
[White "Campora, Daniel H"]
[Black "Manolache, Marius"]
[Result "1/2-1/2"]
[WhiteElo "2405"]
[BlackElo "2494"]
[Annotator "ChessBase"]
[PlyCount "45"]
[EventDate "2018.07.24"]
[EventType "swiss"]
[EventCountry "ESP"]
[SourceTitle "playchess.com"]
[Source "ChessBase"]
[SourceQuality "1"]
[TimeControl "5400+30"]

1. Nf3 {[%emt 0:00:00]} Nf6 {[%emt 0:00:06]} 2. g3 {[%emt 0:00:00]} g6 {[%emt 0:00:04]} 3. Bg2 {[%emt 0:00:00]} Bg7 {[%emt 0:00:08]} 4. O-O {[%emt 0:00:15]} O-O {[%emt 0:00:12]} 5. c4 {[%emt 0:00:08]} d6 {[%emt 0:00:09]} 6. Nc3 {[%emt 0:01:53]} c6 {[%emt 0:00:37]} 7. d3 {[%emt 0:02:03]} a5 {[%emt 0:04:31]} 8. Bd2 {[%emt 0:02:48]} Na6 {[%emt 0:03:10]} 9. Qc1 {[%emt 0:00:46]} Re8 {[%emt 0:01:07]} 10. Bh6 {[%emt 0:02:18]} Bh8 {[%emt 0:00:17]} 11. h3 {[%emt 0:00:52]} Bd7 {[%emt 0:04:14]} 12. Qd2 {[%emt 0:01:58]} Nc5 {[%emt 0:07:03]} 13. Ng5 {[%emt 0:02:44]} a4 {[%emt 0:02:11]} 14. d4 {[%emt 0:22:17]} Ne6 {[%emt 0:00:44]} 15. Nxe6 {[%emt 0:03:51]} Bxe6 {[%emt 0:00:18]} 16. b3 {[%emt 0:05:36]} axb3 {[%emt 0:02:32]} 17. axb3 {[%emt 0:00:04]} Qb6 {[%emt 0:03:29]} 18. Rab1 {[%emt 0:04:40]} Bg7 {[%emt 0:07:39]} 19. Bxg7 {[%emt 0:03:52]} Kxg7 {[%emt 0:00:06]} 20. Rfd1 {[%emt 0:02:03]} Qb4 {[%emt 0:04:12]} 21. e4 {[%emt 0:05:32]} Ra3 {[%emt 0:00:48]} 22. d5 {[%emt 0:07:40]} cxd5 {[%emt 0:02:14]} 23. Nb5 1/2-1/2

[Event "IV Open RGCC 2018"]
[Site "Gijon"]
[Date "2018.07.28"]
[Round "8"]
[White "Valenzuela Gomez, Fernando"]
[Black "Ardelean, George-Catalin"]
[Result "1/2-1/2"]
[WhiteElo "2389"]
[BlackElo "2475"]
[Annotator "RC"]
[PlyCount "75"]
[EventDate "2018.07.24"]
[EventType "swiss"]
[EventCountry "ESP"]
[SourceTitle "playchess.com"]
[Source "ChessBase"]
[SourceQuality "1"]
[TimeControl "5400+30"]

1. d4 d5 2. c4 e6 3. Nc3 a6 4. cxd5 exd5 5. Bf4 c6 6. Nf3 Bd6 7. Bxd6 Qxd6 8. e4 dxe4 9. Nxe4 Qe7 10. Qe2 Nh6 11. Nd6+ Kd8 12. Nxc8 Qb4+ 13. Qd2 Re8+ 14. Be2 Qxd2+ 15. Kxd2 Kxc8 16. Bd3 Nd7 17. h3 Nf8 18. g4 f6 19. Rhg1 Nf7 20. g5 Nxg5 21. Nxg5 fxg5 22. Rxg5 Ne6 23. Re5 Kd7 24. d5 Nf4 25. dxc6+ Kxc6 26. Rc1+ Kb6 27. Rxe8 Rxe8 28. Rc4 Nxd3 29. Kxd3 Re5 30. Rg4 g6 31. Rh4 h5 32. Rf4 Kc5 33. Rf7 b6 34. h4 a5 35. Rg7 Re6 36. Rf7 Re5 37. Rg7 Re6 38. Rf7 1/2-1/2

[Event "IV Open RGCC 2018"]
[Site "Gijon"]
[Date "2018.07.29"]
[Round "9"]
[White "Epishin, Vladimir"]
[Black "Martinez Alcantara, Jose Eduardo"]
[Result "1/2-1/2"]
[WhiteElo "2541"]
[BlackElo "2545"]
[Annotator "TA"]
[PlyCount "27"]
[EventDate "2018.07.24"]
[EventType "swiss"]
[EventCountry "ESP"]
[SourceTitle "playchess.com"]
[Source "ChessBase"]
[SourceQuality "1"]

{[%evp 17,27,0,-2,-13,-9,-26,-16,-22,-17,-24,-19,-7]} 1. d4 Nf6 2. Nf3 g6 3. g3 Bg7 4. Bg2 d5 5. O-O O-O 6. Nbd2 c5 7. dxc5 Qc7 {D02: 1 d4 d5 2 Nf3 sidelines, including 2...Nf6 3 g3 and 2...Nf6 3 Bf4} 8. Nb3 e5 9. Bg5 (9. e4 Bg4 10. h3 Bxf3 11. Qxf3 Nxe4 12. Rd1 Rd8 13. c4 Na6 14. cxd5 Naxc5 15. Nxc5 Nxc5 {1-0 (51) Gajewski,G (2615)-Tomczak,J (2601) Warsaw 2017}) 9... Be6 {LiveBook: 6 Games} 10. Bxf6 Bxf6 11. e4 $146 ({Predecessor:} 11. c3 a5 12. a4 Rd8 13. e3 Na6 14. Nfd2 Nxc5 15. Nxc5 Qxc5 {0-1 (56) Marco Catala,J-Granero Roca,A (2270) Cullera 1996}) 11... d4 12. Ne1 a5 13. Nd3 Na6 14. f4 1/2-1/2